Stranger Things - Charaktere - Statistiken

Allgemein
  • Dieses Quiz wurde 441 mal gespielt
  • Das Durchschnittsergebnis liegt bei 11 aus 25
Antwortstatistiken
Buchstabe Antwort % Korrekt
J Jim Hopper
82%
N Nancy Wheeler
82%
M Mike Wheeler
78%
W Will Byers
76%
J Jonathan Byers
71%
J Joyce Byers
70%
L Lucas SinClair
70%
S Steve Harrington
70%
D Dustin Henderson
69%
H Holly Wheeler
60%
K Karen Wheeler
54%
T Ted Wheeler
52%
E Erica SinClair
51%
M Max Mayfield
47%
E Elfi Hopper
42%
R Robin Buckley
28%
E Eddie Munson
24%
H Henry Creel
22%
M Murray Bauman
13%
B Barbara Holland
7%
S Scott Clark
7%
D Derek Turnbow
5%
B Billy Hargroove
3%
T Tina Turnbow
3%
C Chrissy Cumingham
1%
Keine übereinstimmenden Quizze gefunden
Verteilung der Resultate
Anzahl Personen mit jedem Resultat
Perzentil nach korrekt beantworteten Fragen
Ihre Resultats-Entwicklung
Sie haben dieses Quiz noch nicht gespielt